Положение. для жандармов внутренней стражи. (Запись № 11527518)

Подробности
000 -МАРКЕР
контрольное поле 09373nam0a22005171 4500
001 - ИДЕНТИФИКАТОР ЗАПИСИ
контрольное поле RU\NLR\BIBL_A\012026229
005 - ИДЕНТИФИКАТОР ВЕРСИИ
контрольное поле 20260408065837.0
035 ## - ДРУГИЕ СИСТЕМНЫЕ НОМЕРА
Идентификатор записи (NLR Aleph) 012026229
100 ## - ДАННЫЕ ОБЩЕЙ ОБРАБОТКИ
Данные общей обработки 20190530d1817 m y0rusy50 ca
101 0# - ЯЗЫК РЕСУРСА
Язык текста, звукозаписи и т.д. русский
102 ## - СТРАНА ПУБЛИКАЦИИ ИЛИ ПРОИЗВОДСТВА
Страна публикации Российская Федерация
105 ## - ПОЛЕ КОДИРОВАННЫХ ДАННЫХ: ТЕКСТОВЫЕ МАТЕРИАЛЫ, МОНОГРАФИЧЕСКИЕ
Кодированные данные о монографическом текстовом документе y n 000yy
200 1# - ЗАГЛАВИЕ И СВЕДЕНИЯ ОБ ОТВЕТСТВЕННОСТИ
Основное заглавие Положение. для жандармов внутренней стражи.
Сведения, относящиеся к заглавию Копия.
210 ## - ПУБЛИКАЦИЯ, РАСПРОСТРАНЕНИЕ И ДР.
Место издания, распространения и т.д. [Б.м.
Дата издания, распространения и т.д. 1817]
215 ## - ФИЗИЧЕСКАЯ ХАРАКТЕРИСТИКА
Специфическое обозначение материала и объем [18] с.
Размеры
300 ## - ОБЩИЕ ПРИМЕЧАНИЯ
Текст примечания Высочайше утверждено 1 февр. 1817 г.
300 ## - ОБЩИЕ ПРИМЕЧАНИЯ
Текст примечания Данное изд. вышло не позднее апр. 1817 г., датировано по сенат. указу о рассылке
300 ## - ОБЩИЕ ПРИМЕЧАНИЯ
Текст примечания Перед текстом на с. [5], [17] и после текста на с.[1]: На подлинном написано собственною его императорскаго величества рукою: Быть по сему: Александр. Санктпетербург, 1 февраля 1817.
300 ## - ОБЩИЕ ПРИМЕЧАНИЯ
Текст примечания Перед текстом на с. [5], [9], [10], [13], [15] и после текста на с.[3]: На подлинном написано собственною его императорскаго величества рукою: Быть по сему: Александр. С. Петербург 1 февраля 1817.
300 ## - ОБЩИЕ ПРИМЕЧАНИЯ
Текст примечания После текста на с.[7], [9], [11], [14], [15], [17]: Подписал граф Аракчеев.
300 ## - ОБЩИЕ ПРИМЕЧАНИЯ
Текст примечания Без тит. л. и обл.
316 ## - ПРИМЕЧАНИЯ ОБ ОСОБЕННОСТЯХ ЭКЗЕМПЛЯРА
Текст примечания Экз. РНБ (135/310-1817-59) является частью владельческого конволюта. Припл. к: Указ его императорскаго величества самодержца всероссийскаго,: [О дозволении принимать в военно-сиротские отделения детей, не принадлежащих военному ведомству] / из Правительствующаго Сената. - [Б.м., янв. 1817].
Организация и экземпляр, к которому относится поле NLR: 135/310-1817-59
321 1# - ПРИМЕЧАНИЯ ОБ ОТДЕЛЬНО ИЗДАННЫХ УКАЗАТЕЛЯХ / РЕФЕРАТАХ / ССЫЛКАХ, ОТРАЖАЮЩИХ КАТАЛОГИЗИРУЕМЫЙ ДОКУМЕНТ
Примечания об указателях, рефератах, ссылках ПСЗ. Т.34. 26650
327 0# - ПРИМЕЧАНИЯ О СОДЕРЖАНИИ
Текст примечания Из содерж.: [Именной указ, данный Санктпетербургскому генерал-губернатору Вязмитинову]: Копия. - С.[1]
-- [Именной указ, данный] Начальнику Главнаго штаба моего господину генерал-адъютанту князю Волконскому. - С.[2-3]
-- Инструкция начальнику жандармов в губернском городе.: Копия. - С.[9]
-- Инструкция. Дивизионному командиру жандармов внутренней стражи в столице (начальствующему двумя эскадронами их): Копия. - С.[10-11]
-- Штат. Двух жандармских ескадронов в каждой столице. - С.[13-14]
-- Штат команды жандармов в каждом губернском городе. - С.[15]
-- Штат команды жандармов в портовом городе. - С.[17]
464 #0 - АНАЛИТИЧЕСКИЙ УРОВЕНЬ
Встроенное поле 2001#$a[Именной указ, данный Санктпетербургскому генерал-губернатору Вязмитинову]$eКопия.
-- 215##$aС.[1]
-- 300##$aЗагл. дано по ПСЗ
-- 300##$aТекст начинается словами: Сергей Козмич! Из препровождаемаго при сем в списке указа моего, даннаго 1 нынешняго месяца начальнику Главнаго штаба моего, увидите Вы, что с учреждением жандармов внутренней стражи, не могут уже оставаться далее существующия ныне ...
-- 5171#1$aСергей Козмич! Из препровождаемаго при сем в списке указа моего, даннаго 1 нынешняго месяца начальнику Главнаго штаба моего, увидите Вы, что с учреждением жандармов внутренней стражи, не могут уже оставаться далее существующия ныне ...
-- 5181#1$aСергей Козмич! Из препровождаемого при сем в списке указа моего, данного 1 нынешнего месяца начальнику Главного штаба моего, увидите Вы, что с учреждением жандармов внутренней стражи, не могут уже оставаться далее существующие ныне ...
-- 702#1$aВязмитинов$bС. К.$gСергей Кузьмич$f1744-1819$3RU\NLR\AUTH\7797391$4660
Заглавие [Именной указ, данный Санктпетербургскому генерал-губернатору Вязмитинову]
464 #0 - АНАЛИТИЧЕСКИЙ УРОВЕНЬ
Встроенное поле 2001#$a[Именной указ, данный] Начальнику Главнаго штаба моего господину генерал-адъютанту князю Волконскому.$eКопия.
-- 215##$aС.[2-3]
-- 300##$aТекст начинается словами: Необходимость и польза конных отрядов в составе внутренней стражи представлялись при самом образовании стражи сей; но начинавшаяся тогда война воспрепятствовала учреждению оных ...
-- 517#1$aНеобходимость и польза конных отрядов в составе внутренней стражи представлялись при самом образовании стражи сей; но начинавшаяся тогда война воспрепятствовала учреждению оных ...
-- 518#1$aНачальнику Главного штаба моего, господину генерал-адъютанту князю Волконскому.
-- 702#1$aВолконский$bП. М.$cвоенный деятель$f1776-1852$gПётр Михайлович$3RU\NLR\AUTH\770205287$4660
Заглавие [Именной указ, данный] Начальнику Главнаго штаба моего господину генерал-адъютанту князю Волконскому.
464 #0 - АНАЛИТИЧЕСКИЙ УРОВЕНЬ
Встроенное поле 2001#$aИнструкция начальнику жандармов в губернском городе.$eКопия.
-- 215##$aС.[9]
Заглавие Инструкция начальнику жандармов в губернском городе.
464 #0 - АНАЛИТИЧЕСКИЙ УРОВЕНЬ
Встроенное поле 2001#$aИнструкция. Дивизионному командиру жандармов внутренней стражи в столице (начальствующему двумя эскадронами их)$eКопия.
-- 215##$aС.[10-11]
Заглавие Инструкция. Дивизионному командиру жандармов внутренней стражи в столице (начальствующему двумя эскадронами их)
464 #0 - АНАЛИТИЧЕСКИЙ УРОВЕНЬ
Встроенное поле 2001#$aШтат. Двух жандармских ескадронов в каждой столице.
-- 215##$aС.[13-14]
-- 518#1$aШтат. Двух жандармских эскадронов в каждой столице.
Заглавие Штат. Двух жандармских ескадронов в каждой столице.
464 #0 - АНАЛИТИЧЕСКИЙ УРОВЕНЬ
Встроенное поле 2001#$aШтат команды жандармов в каждом губернском городе.
-- 215##$aС.[15]
Заглавие Штат команды жандармов в каждом губернском городе.
464 #0 - АНАЛИТИЧЕСКИЙ УРОВЕНЬ
Встроенное поле 2001#$aШтат команды жандармов в портовом городе.
-- 215##$aС.[17]
Заглавие Штат команды жандармов в портовом городе.
482 #0 - ПРИПЛЕТЕНО К
Встроенное поле RU\NLR\BIBL_A\012009541
-- 2001#$aУказ его императорскаго величества самодержца всероссийскаго,$e[О дозволении принимать в военно-сиротские отделения детей, не принадлежащих военному ведомству]$fиз Правительствующаго Сената
-- 210##$a[Б.м.$dянв. 1817]
Заглавие Указ его императорскаго величества самодержца всероссийскаго,
518 1# - ЗАГЛАВИЕ В СТАНДАРТНОМ СОВРЕМЕННОМ ПРАВОПИСАНИИ
Основное заглавие, вариант заглавия или унифицированное заглавие Положение для жандармов внутренней стражи.
606 1# - НАИМЕНОВАНИЕ ТЕМЫ КАК ПРЕДМЕТ
Наименование темы Законодательство
Географический подзаголовок Россия
Хронологический подзаголовок 1801 - 1825
Системный номер авторитетной/нормативной записи 2280395
Идентификатор авторитетной/нормативной записи RU\NLR\AUTH\6601594564
686 ## - ИНДЕКСЫ ДРУГИХ КЛАССИФИКАЦИЙ
Индекс Х2(2)47-3
702 #0 - ИМЯ ЛИЦА - ВТОРИЧНАЯ ОТВЕТСТВЕННОСТЬ
Код отношения Подписавшее лицо
Материалы, к которым относится поле rus
Графика поля Кириллица
Начальный элемент ввода Александр
Дополнения к именам, кроме дат император российский
Римские цифры I
Даты 1777-1825
Идентификатор авторитетной/нормативной записи RU\NLR\AUTH\775342
Системный номер авторитетной/нормативной записи 115306
702 #1 - ИМЯ ЛИЦА - ВТОРИЧНАЯ ОТВЕТСТВЕННОСТЬ
Код отношения Подписавшее лицо
Материалы, к которым относится поле rus
Графика поля Кириллица
Начальный элемент ввода Аракчеев
Часть имени, кроме начального элемента ввода А.А.
Даты 1769-1834
Расширение инициалов личного имени Алексей Андреевич
Идентификатор авторитетной/нормативной записи RU\NLR\AUTH\77570
Системный номер авторитетной/нормативной записи 110616
710 01 - НАИМЕНОВАНИЕ ОРГАНИЗАЦИИ - ПЕРВИЧНАЯ ОТВЕТСТВЕННОСТЬ
Начальный элемент ввода Россия
Структурное подразделение Император
Идентифицирующий признак 1801-1825; Александр I
Идентификатор авторитетной/нормативной записи RU\NLR\AUTH\8810042745
Системный номер авторитетной/нормативной записи 584940
711 02 - НАИМЕНОВАНИЕ ОРГАНИЗАЦИИ - АЛЬТЕРНАТИВНАЯ ОТВЕТСТВЕННОСТЬ
Начальный элемент ввода Отдельный корпус внутренней стражи
Идентификатор авторитетной/нормативной записи RU\NLR\AUTH\889998226
Системный номер авторитетной/нормативной записи 493775
852 ## - МЕСТОНАХОЖДЕНИЕ И ШИФР ХРАНЕНИЯ
Идентификатор организации NLR
Шифр хранения (Call Number) 135/310-1817-59
942 ## - ДОПОЛНИТЕЛЬНЫЕ ЭЛЕМЕНТЫ ЗАПИСИ (АБИС)
Тип экземпляра АБИС Книга
980 ## - КОЛЛЕКЦИЯ
Название коллекции Национальная библиография
980 ## - КОЛЛЕКЦИЯ
Название коллекции Указы

Нет доступных экземпляров.